De l'humanite, de son principe, et de son avenir : ou se trouve exposee la vrais definition de la religion et ou l'on explique le sens, la suite et l'enchainement du mosaisme et du christianisme /

Bibliographic Details
Main Author: Leroux, Pierre, 1797-1871
Format: Book
Language:French
Published: Paris : Perrotin, 1840.
Subjects:

MARC

Tag First Indicator Second Indicator Subfields
LEADER 00000cam a2200000 a 4500
001 in00000216113
005 20151009062409.0
008 800226s1840 fr b 00010 frem
010 |a  13022638  
035 |a (OCoLC)06022338 
035 |9 AAX7989AM 
040 |a DLC  |c ZGM  |d m.c.  |d TXA  |d UtOrBLW 
049 |a TXAM  |v 1 [1633859]  |v 2 [1633860] 
050 0 0 |a BT701  |b  L6 
100 1 |a Leroux, Pierre,  |d 1797-1871. 
245 1 0 |a De l'humanite, de son principe, et de son avenir :  |b ou se trouve exposee la vrais definition de la religion et ou l'on explique le sens, la suite et l'enchainement du mosaisme et du christianisme /  |c par Pierre Leroux. 
264 1 |a Paris :  |b Perrotin,  |c 1840. 
300 |a 2 volumes (xxii, 1008 pages) ;  |c 22 cm. 
336 |a text  |b txt  |2 rdacontent 
337 |a unmediated  |b n  |2 rdamedia 
338 |a volume  |b nc  |2 rdacarrier 
500 |a Closes with the beginning of the Christian era. In the epilogue, pages [977]-1006, the author outlines a proposed continuation of the work, covering the 18 Christian centuries. 
504 |a Includes bibliographical references. 
650 0 |a Theological anthropology. 
650 0 |a Future life. 
999 |a MARS 
999 f f |s 39398cc6-c3ed-3694-aecc-a14e913d0cf1  |i 54c55830-b8c5-34a6-a2e4-e4204a76f7f7  |t 0 
952 f f |p ric  |a Texas A&M University  |b Rellis Campus  |c Joint Library Facility  |d Remote Storage  |t 0  |e BT701 L6  |h Library of Congress classification  |i unmediated -- volume  |k v.1  |m A14806329988 
952 f f |p ric  |a Texas A&M University  |b Rellis Campus  |c Joint Library Facility  |d Remote Storage  |t 0  |e BT701 L6  |h Library of Congress classification  |i unmediated -- volume  |k v.2  |m A14806330078 
998 f f |a BT701 L6  |s v.1-v.2  |t 0  |l Remote Storage